Democracy in Western Germany (Record no. 368274)

000 -LEADER
fixed length control field 00372cam a22001337a 4500
008 - FIXED-LENGTH DATA ELEMENTS--GENERAL INFORMATION
fixed length control field 180718b1957 xxu||||| |||| 00| 0 eng d
082 ## - DEWEY DECIMAL CLASSIFICATION NUMBER
Classification number B5x43 H622
100 ## - MAIN ENTRY--PERSONAL NAME
Personal name Hiscocks, Richard
245 ## - TITLE STATEMENT
Title Democracy in Western Germany
Statement of responsibility, etc. by Richard Hiscocks
260 ## - PUBLICATION, DISTRIBUTION, ETC.
Place of publication, distribution, etc. London
Name of publisher, distributor, etc. OUP
Date of publication, distribution, etc. 1957
300 ## - PHYSICAL DESCRIPTION
Extent 324p.
440 ## - SERIES STATEMENT/ADDED ENTRY--TITLE
Title bibl.
650 ## - SUBJECT ADDED ENTRY--TOPICAL TERM
Topical term or geographic name entry element Germany (West) --Politics and government.
Holdings
Withdrawn status Lost status Damaged status Not for loan Permanent Location Current Location Date acquired Full call number Barcode Date last seen Price effective from Koha item type
        Indian Institute of Public Administration Indian Institute of Public Administration 1994-05-20 B5x43 H622 8299 2018-07-21 2018-07-21 Book

Powered by Koha